[Event "Mondariz Balneario op"]
[Site "Mondariz Balneario"]
[Date "2022.12.29"]
[Round "7"]
[White "Gonzalez Perez, Jose Ramon"]
[Black "Paton Alvarez, Ivan"]
[Result "0-1"]
[WhiteElo "2139"]
[BlackElo "2055"]
[PlyCount "82"]
[EventDate "2022.12.26"]
[EventType "swiss"]
[EventRounds "8"]
[EventCountry "ESP"]
[SourceTitle "CBM 212 Extra"]
[Source "ChessBase"]
[SourceDate "2023.03.31"]
[SourceVersion "1"]
[SourceVersionDate "2023.03.31"]
[SourceQuality "1"]

1. Nf3 Nf6 2. b3 d5 3. Bb2 e6 4. g3 c5 5. c4 Nc6 6. Bg2 d4 7. 0-0 Bd6 8. e3 e5 9. d3 0-0 10. exd4 exd4 11. Bc1 h6 12. a3 Re8 13. Re1 Rxe1+ 14. Nxe1 Bg4 15. f3 Bf5 16. Nd2 Qe7 17. Ne4 Nxe4 18. dxe4 Bg6 19. Nd3 f5 20. exf5 Bxf5 21. Nf4 Re8 22. Bd2 Bxf4 23. Bxf4 Qe2 24. Qxe2 Rxe2 25. b4 cxb4 26. axb4 Nxb4 27. Bf1 Ra2 28. Rxa2 Nxa2 29. c5 Nb4 30. Bc4+ Kh7 31. Bd2 a5 32. Bxb4 axb4 33. Kf2 Kg6 34. Ke2 Kf6 35. Kd2 Be6 36. Kd3 b3 37. Bxb3 Bxb3 38. Kxd4 Ke6 39. h4 h5 40. g4 Bd1 41. gxh5 Bxf3 0-1

[Event "Mondariz Balneario op"]
[Site "Mondariz Balneario"]
[Date "2022.12.27"]
[Round "4"]
[White "Gonzalez Perez, Jose Ramon"]
[Black "Perez Estevez, Sergio"]
[Result "1-0"]
[WhiteElo "2139"]
[BlackElo "1804"]
[PlyCount "93"]
[EventDate "2022.12.26"]
[EventType "swiss"]
[EventRounds "8"]
[EventCountry "ESP"]
[SourceTitle "CBM 212 Extra"]
[Source "ChessBase"]
[SourceDate "2023.03.31"]
[SourceVersion "1"]
[SourceVersionDate "2023.03.31"]
[SourceQuality "1"]

1. e4 e5 2. Nf3 Nc6 3. Bb5 a6 4. Ba4 Nf6 5. 0-0 b5 6. Bb3 Bc5 7. c3 Bb6 8. Re1 0-0 9. h3 Bb7 10. d4 exd4 11. e5 Ne8 12. Bg5 Qc8 13. Nxd4 Bc5 14. Nd2 Be7 15. Bxe7 Nxe7 16. e6 d5 17. N2f3 f6 18. Nh4 g6 19. Qg4 Ng7 20. Bc2 Kh8 21. f4 c5 22. Ndf3 Qe8 23. Nd2 f5 24. Qg5 Ng8 25. e7 Rf7 26. Re5 Rxe7 27. Rae1 Rxe5 28. Rxe5 Qd8 29. Qg3 Nf6 30. Ndf3 Nfh5 31. Qf2 Qd6 32. Ng5 Kg8 33. g4 fxg4 34. hxg4 Nf6 35. Qe2 d4 36. Bxg6 hxg6 37. Nxg6 Qd7 38. f5 d3 39. Qh2 Ngh5 40. Ne7+ Kg7 41. Ne6+ Kh7 42. Qd2 Re8 43. gxh5 Ne4 44. Ng5+ Kh8 45. Nf7+ Kg7 46. Qh6+ Kxf7 47. Qg6+ 1-0

[Event "Pontevedra op-A 10th"]
[Site "Pontevedra"]
[Date "2022.07.27"]
[Round "6"]
[White "Gonzalez Perez, Jose Ramon"]
[Black "Villar Perez, Samuel"]
[Result "1/2-1/2"]
[WhiteElo "2161"]
[BlackElo "2188"]
[PlyCount "133"]
[EventDate "2022.07.24"]
[EventType "swiss"]
[EventRounds "9"]
[EventCountry "ESP"]
[SourceTitle "EXT 2023"]
[Source "ChessBase"]
[SourceDate "2022.10.05"]
[SourceVersion "1"]
[SourceVersionDate "2022.10.05"]
[SourceQuality "1"]

1. Nf3 d5 2. b3 Bg4 3. Bb2 Nd7 4. g3 Bxf3 5. exf3 Ngf6 6. Bg2 g6 7. 0-0 Bg7 8. d3 0-0 9. f4 c6 10. Nd2 Ne8 11. c3 a5 12. a4 Nd6 13. Qc2 Re8 14. d4 Rc8 15. c4 e6 16. Rfd1 Nf5 17. Nf3 Qb6 18. Rac1 Red8 19. Ba3 Nf6 20. Bc5 Qc7 21. Ne5 Nd7 22. Ba3 Qb6 23. cxd5 Nxd4 24. Nxd7 Rxd7 25. Qc4 exd5 26. Bxd5 Rcd8 27. Bg2 Qxb3 28. Qxb3 Nxb3 29. Rxd7 Rxd7 30. Rb1 Nd4 31. Bc5 Ne6 32. Be3 Bc3 33. Bh3 f5 34. Bf1 Kf7 35. Bc4 Kf6 36. Kf1 Bb4 37. f3 h6 38. h4 Nc7 39. Kf2 Nd5 40. Bd4+ Ke7 41. Bg7 h5 42. Rb2 Bc3 43. Re2+ Kd8 44. Bxd5 Rxg7 45. Bb3 Bd4+ 46. Kg2 Rd7 47. g4 fxg4 48. fxg4 hxg4 49. Kg3 b5 50. Kxg4 Bf6 51. h5 gxh5+ 52. Kxh5 Rd4 53. axb5 cxb5 54. f5 a4 55. Be6 Rf4 56. Kg6 Bc3 57. Kg5 Rf1 58. Bd5 b4 59. Bg2 Ra1 60. f6 Bxf6+ 61. Kxf6 b3 62. Bd5 Rc1 63. Bxb3 axb3 64. Rb2 Rc3 65. Ke5 Kc7 66. Kd4 Rh3 67. Kc4 1/2-1/2

[Event "Galicia-ch"]
[Site "Padron"]
[Date "2021.04.03"]
[Round "6"]
[White "Gonzalez Perez, Arian"]
[Black "Gonzalez Perez, Jose Ramon"]
[Result "1/2-1/2"]
[WhiteElo "2481"]
[BlackElo "2099"]
[PlyCount "112"]
[EventDate "2021.04.01"]
[EventType "swiss"]
[EventRounds "8"]
[EventCountry "ESP"]
[SourceTitle "CBM 201 Extra"]
[Source "ChessBase"]
[SourceDate "2021.05.31"]
[SourceVersion "1"]
[SourceVersionDate "2021.05.31"]
[SourceQuality "1"]

1. e4 e5 2. Nf3 Nc6 3. d4 exd4 4. Nxd4 Bb4+ 5. c3 Bc5 6. Be3 Bb6 7. Nf5 Bxe3 8. Nxe3 Nf6 9. f3 0-0 10. c4 d6 11. Nc3 Nd7 12. Be2 Nc5 13. 0-0 a5 14. Ned5 Be6 15. f4 f5 16. exf5 Bxf5 17. Nb5 Rc8 18. Bg4 Bxg4 19. Qxg4 Ne7 20. Nd4 Nxd5 21. cxd5 Qf6 22. f5 c6 23. Ne6 Rfe8 24. h3 cxd5 25. Nxg7 Qxg7 26. f6 Qxg4 27. f7+ Kg7 28. fxe8N+ Rxe8 29. hxg4 Re4 30. Rf5 d4 31. Rd5 Kf6 32. Rxd6+ Ke5 33. Rh6 d3 34. Rxh7 Kd4 35. Rh8 d2 36. Rd8+ Ke3 37. Rf1 Rd4 38. Rxd4 Kxd4 39. Kf2 Ne4+ 40. Kf3 Kd3 41. a4 Ng5+ 42. Kf4 Ke2 43. Rh1 Ne6+ 44. Kf5 Nd4+ 45. Ke4 Ne6 46. g3 d1Q 47. Rxd1 Kxd1 48. Ke5 Nf8 49. g5 Ke2 50. Kf5 Kf3 51. g4 Kg3 52. b3 Kf3 53. Ke5 Kxg4 54. Kd6 Kxg5 55. Kc7 Ne6+ 56. Kb6 Nd4 1/2-1/2

[Event "Pontevedra op-A 6th"]
[Site "Pontevedra"]
[Date "2018.08.13"]
[Round "8"]
[White "Gonzalez Perez, Jose Ramon"]
[Black "Uranga Odriozola, Inaki"]
[Result "1-0"]
[WhiteElo "2074"]
[BlackElo "1531"]
[PlyCount "37"]
[EventDate "2018.08.08"]
[EventType "swiss"]
[EventRounds "9"]
[EventCountry "ESP"]
[SourceTitle "EXT 2021"]
[Source "ChessBase"]
[SourceDate "2020.10.23"]
[SourceVersion "1"]
[SourceVersionDate "2020.10.23"]
[SourceQuality "1"]

1. e4 c5 2. d4 cxd4 3. c3 dxc3 4. Nxc3 Nc6 5. Nf3 g6 6. Bc4 Bg7 7. 0-0 d6 8. Bf4 Nf6 9. h3 0-0 10. Qe2 Bd7 11. Rfd1 Qc7 12. Rac1 Rac8 13. Bh2 Rfe8 14. Bb3 Qb6 15. Qd2 Be6 16. Bxe6 fxe6 17. Ng5 e5 18. Nd5 Nxd5 19. Qxd5+ 1-0

[Event "Pontevedra op-A 6th"]
[Site "Pontevedra"]
[Date "2018.08.10"]
[Round "3"]
[White "Galiana Fernandez, Adrian"]
[Black "Gonzalez Perez, Jose Ramon"]
[Result "1/2-1/2"]
[WhiteElo "2291"]
[BlackElo "2074"]
[PlyCount "95"]
[EventDate "2018.08.08"]
[EventType "swiss"]
[EventRounds "9"]
[EventCountry "ESP"]
[SourceTitle "EXT 2021"]
[Source "ChessBase"]
[SourceDate "2020.10.23"]
[SourceVersion "1"]
[SourceVersionDate "2020.10.23"]
[SourceQuality "1"]

1. e4 e5 2. Nf3 Nc6 3. Bb5 a6 4. Ba4 Nf6 5. d3 b5 6. Bb3 Be7 7. a4 b4 8. 0-0 0-0 9. a5 d6 10. Be3 Bg4 11. h3 Bh5 12. g4 Bg6 13. Nh4 Qd7 14. Nd2 Nd8 15. f4 exf4 16. Rxf4 Ne6 17. Rf1 c6 18. Nxg6 hxg6 19. g5 Nh5 20. Qg4 d5 21. Nf3 Rad8 22. exd5 cxd5 23. Ne5 Qd6 24. d4 Nc5 25. Nxf7 Rxf7 26. dxc5 Rxf1+ 27. Rxf1 Qe5 28. Bd4 Qg3+ 29. Qxg3 Nxg3 30. c6 Ne2+ 31. Kh1 Nxd4 32. c7 Rc8 33. Bxd5+ Kh7 34. Rf4 Nf5 35. Rc4 Bd6 36. Bb7 Rxc7 37. Bxa6 Ra7 38. Rc6 Bf4 39. h4 Bc7 40. Bc4 Bxa5 41. Rc8 Rc7 42. Bg8+ Kh8 43. Ra8 Rc5 44. Bf7+ Kh7 45. Bg8+ Kh8 46. Bc4+ Kh7 47. Bg8+ Kh8 48. Bf7+ 1/2-1/2